Working with Unix (Record no. 6454)
[ view plain ]
| 000 -LEADER | |
|---|---|
| fixed length control field | 00503 a2200157 4500 |
| 020 ## - INTERNATIONAL STANDARD BOOK NUMBER | |
| International Standard Book Number | 8170293367 |
| 082 ## - DEWEY DECIMAL CLASSIFICATION NUMBER | |
| Classification number | 005.32 THA |
| 090 ## - LOCALLY ASSIGNED LC-TYPE CALL NUMBER (OCLC); LOCAL CALL NUMBER (RLIN) | |
| -- | 2529 |
| -- | 2529 |
| 100 ## - MAIN ENTRY--PERSONAL NAME | |
| Personal name | Thakkar, Kaushai. |
| 245 ## - TITLE STATEMENT | |
| Title | Working with Unix |
| Statement of responsibility, etc. | Kaushai Thakkar, |
| 260 ## - PUBLICATION, DISTRIBUTION, ETC. | |
| Place of publication, distribution, etc. | New Delhi: |
| Name of publisher, distributor, etc. | BPB Publications, |
| Date of publication, distribution, etc. | 1993. |
| 300 ## - PHYSICAL DESCRIPTION | |
| Extent | xviii, 523p. : |
| Other physical details | ill. ; |
| Dimensions | 20 cm. |
| 500 ## - GENERAL NOTE | |
| General note | Includes Index |
| 650 ## - SUBJECT ADDED ENTRY--TOPICAL TERM | |
| Topical term or geographic name entry element | 1.UNIX(Computer file)--Handbooks, manuals,etc.2.Operating systems(Computers)--Handbooks, manuals,etc. |
| 942 ## - ADDED ENTRY ELEMENTS (KOHA) | |
| Koha item type | Book |
| Call number prefix | 005.432 THA |
| Withdrawn status | Lost status | Damaged status | Not for loan | Collection code | Permanent Location | Current Location | Shelving location | Date acquired | Source of acquisition | Cost, normal purchase price | Total Checkouts | Full call number | Barcode | Date last seen | Price effective from | Koha item type | Date last checked out |
|---|---|---|---|---|---|---|---|---|---|---|---|---|---|---|---|---|---|
| Central Library (CL) | Central Library (CL) | First Floor - Operating System/ Data Structure | 10/13/2000 | Good Book Shop, Rawalpindi | 50.00 | 005.432 THA | SEECS000147 | 11/14/2012 | 01/05/2017 | Book | |||||||
| Central Library (CL) | Central Library (CL) | First Floor - Operating System/ Data Structure | 10/13/2000 | Good Book Shop, Rawalpindi | 50.00 | 1 | 005.432 THA | SEECS000149 | 02/16/2015 | 01/05/2017 | Book | 08/20/2014 | |||||
| Central Library (CL) | Central Library (CL) | First Floor - Operating System/ Data Structure | 10/13/2000 | Good Book Shop, Rawalpindi | 50.00 | 005.432 THA | SEECS000145 | 11/14/2012 | 01/05/2017 | Book | |||||||
| Central Library (CL) | Central Library (CL) | First Floor - Operating System/ Data Structure | 10/13/2000 | Good Book Shop, Rawalpindi | 50.00 | 005.432 THA | SEECS000148 | 11/14/2012 | 01/05/2017 | Book | |||||||
| Central Library (CL) | Central Library (CL) | First Floor - Operating System/ Data Structure | 02/19/2002 | Good Book Shop, Rawalpindi | 118.00 | 2 | 005.432 THA | SEECS001851 | 02/03/2022 | 01/05/2017 | Book | 05/10/2015 |
